• 首页
  • 本馆介绍
  • 公告通知
  • 最新文献
  • 馆藏检索
  • 电子资源
  • 读者导购
  • 参考咨询
  • 我的图书馆
  • 登录
  • 详细信息显示
  • 放入我的书架
  • 预约/预借图书
  • 作者相关作品
  • 分类相关作品
  • 丛书相关作品
  • 出版社相关作品

书目信息

  • 表格格式
  • 工作单格式
  • 卡片格式
题名:
追寻历史的真相
    
 
作者: 秋石 著
分册:  
出版信息: 上海   上海人民出版社  2015.12
页数: 377页,[10]页图版
开本: 24cm
丛书名:
单 册:
中图分类: A755 , K825.6=6
科图分类:
主题词:
电子资源:
ISBN: 978-7-208-13417-1
000 01194nam0 2200289 450
001 0120151739199
005 20170920092340.23
010    @a978-7-208-13417-1@dCNY68.00
100    @a20151230d2015 em y0chiy50 ea
101 0  @achi
102    @aCN@b310000
105    @af z 000yd
106    @ar
200 1  @a追寻历史的真相@9zhui xun li shi de zhen xiang@e毛泽东与鲁迅@f秋石著
205    @a3版@b修订本
210    @a上海@c上海人民出版社@d2015.12
215    @a377页,[10]页图版@c照片@d24cm
330    @a本书由两部分组成,上篇为长篇史实考证《追踪“毛罗对话”的历史真相》,作者曾60余次赴各地自费调查考证,访问了尚未谢世的许多当事人,查阅了大量有关的文献档案,基本上廓清了一些传言。下篇为《毛泽东与鲁迅》,作者通过长达数年的研究,从茫茫史海中寻觅了大量材料,传神纪实地钩沉了毛泽东与鲁迅彼此神交的心路历程和基本情况,由此印证毛泽东的“我跟鲁迅的心是相通的”这一历史结论。
333    @a大众读者
517 1  @a毛泽东与鲁迅@9mao ze dong yu lu xun
600  0 @a毛泽东@f(1893-1976)@x人物研究
600  0 @a鲁迅@f(1881-1936)@x人物研究
690    @aA755@v5
690    @aK825.6=6@v5
701  0 @a秋石@9qiu shi@4著
801  0 @aCN@b人天书店@c20151230
905    @b1077510-15@dA755@e255=3@f6
    
    追寻历史的真相:毛泽东与鲁迅/秋石著.-3版,修订本.-上海:上海人民出版社,2015.12
    377页,[10]页图版:照片;24cm
    使用对象:大众读者
    
    ISBN 978-7-208-13417-1:CNY68.00
    本书由两部分组成,上篇为长篇史实考证《追踪“毛罗对话”的历史真相》,作者曾60余次赴各地自费调查考证,访问了尚未谢世的许多当事人,查阅了大量有关的文献档案,基本上廓清了一些传言。下篇为《毛泽东与鲁迅》,作者通过长达数年的研究,从茫茫史海中寻觅了大量材料,传神纪实地钩沉了毛泽东与鲁迅彼此神交的心路历程和基本情况,由此印证毛泽东的“我跟鲁迅的心是相通的”这一历史结论。
●
相关链接 在E读中查询图书 在五车中查询图书 在当当中查询图书 在豆瓣中查询图书


正题名:追寻历史的真相     索取号:A755/255=3         预约/预借

序号 登录号 条形码 馆藏地/架位号 状态 备注
1 1077510   210775106   第一样本阅览室/ [索取号:A755/255=3] 在馆    
2 1077511   210775115   第一借阅区/ [索取号:A755/255=3] 在馆    
3 1077512   210775124   第一借阅区/ [索取号:A755/255=3] 在馆    
4 1077513   210775133   第一借阅区/ [索取号:A755/255=3] 在馆    
5 1077514   210775142   第一借阅区/ [索取号:A755/255=3] 在馆    
6 1077515   210775151   密集书库-马院/ [索取号:A755/255=3] 在馆    
唐山师范学院图书馆 欢迎您!
大连网信软件有限公司© 版权所有